| 000 | 00769nam a2200277 i 4500 | ||
|---|---|---|---|
| 999 |
_c23547 _d23547 |
||
| 001 | 3664268 | ||
| 003 | BDDh-ASL | ||
| 005 | 20231015030245.0 | ||
| 008 | 770127s1975 pk 000 0 eng | ||
| 010 | _a 76902440 | ||
| 020 | _cTk20.00 | ||
| 040 |
_aDLC _cDLC _dDLC _dBDDh-ASL |
||
| 043 |
_aa-bg--- _aa-ii--- _aa-pk--- |
||
| 050 | 0 | 0 |
_aDS407 _b.C53 |
| 082 | 0 | 0 |
_a954 _bALT |
| 100 | 1 | _aChoudhury, Altaf. | |
| 245 | 1 | 0 |
_aThis subcontinent / _cAltaf Choudhury. |
| 250 | _a1st ed. | ||
| 260 |
_aSylhet : _bChoudhury ; _aNew York : _bavailable at Kohinoor Palace Restaurant, _c1975. |
||
| 300 |
_a80 p. : _c23 cm. |
||
| 651 | 0 | _aIndia. | |
| 651 | 0 | _aPakistan. | |
| 651 | 0 | _aBangladesh. | |
| 906 |
_a7 _bcbc _corignew _d4 _encip _f19 _gy-gencatlg |
||
| 942 |
_2ddc _cBK |
||